| 000 | 01780nam0a2200361 4500 | ||
|---|---|---|---|
| 001 | RU\NLR\BIBL_A\022420533 | ||
| 005 | 20250627124330.0 | ||
| 010 |
_a978-5-4315-4219-0 _93000 |
||
| 035 | _a(NLR Aleph) 022420533 | ||
| 090 |
_a13338352 _c13338352 |
||
| 100 | _a20241224d2024 |||y0rusy50 ca | ||
| 101 | 1 |
_arus _ceng _aeng |
|
| 102 | _aRU | ||
| 105 | _aa j 000yy | ||
| 181 | 0 |
_ai3 _baxxe |
|
| 182 | 0 | _an | |
| 200 | 1 |
_aТема недели: музыка _eутренний и вечерний круг, работа в центрах активности, планирование работы, сценарии занятий _eпособие для работы с детьми _e3-5 лет _eперевод с английского _fпод редакцией Дебби Краер |
|
| 203 |
_aТекст _bвизуальный _cнепосредственный |
||
| 210 |
_aМосква _cМозаика-Синтез, Мозаика _d2024 |
||
| 215 |
_a71, [1] с. _cил., цв. ил., табл. _d24 |
||
| 225 | 1 |
_aТематические недели _iОбучение в игре и общении |
|
| 225 | 1 |
_aОт рождения до школы _eсоответствует ФГОС и ФОП ДО |
|
| 225 | 1 | _aПрограмма От рождения до школы | |
| 225 | 1 | _aСоответствует ФОП | |
| 300 | _aТекст рус., англ. | ||
| 333 | _a0+ | ||
| 606 | 1 |
_aДошкольники _jРуководства, пособия и т.п _xМузыкальное воспитание _9953355 _3RU\NLR\AUTH\66354866 |
|
| 686 | 1 | _aЧ411.355.23я7 | |
| 702 | 1 |
_4340 _7ca _8rus _aКраер _bД. _gДебби _9251484 _3RU\NLR\AUTH\770251540 |
|
| 942 | _cBOOK | ||
| 980 | _aNB | ||